Alternativas psicológicas de intervención en problemas de salud / (Record no. 194327)

MARC details
000 -CABECERA
campo de control de longitud fija 00657nam a2200193 a 4500
005 - FECHA Y HORA DE LA ÚLTIMA TRANSACCIÓN
campo de control 20220811103419.0
008 - ELEMENTOS DE LONGITUD FIJA--INFORMACIÓN GENERAL
campo de control de longitud fija 180119s2015 mx r 000 0 spa d
020 ## - NÚMERO INTERNACIONAL NORMALIZADO PARA LIBROS
Número Internacional Estándar del Libro 9786074484946
035 ## - NÚMERO DE CONTROL DEL SISTEMA
Número de control de sistema UPN01000222230
049 ## - COLECCIÓN
Colección CG
050 #4 - SIGNATURA TOPOGRÁFICA DE LA BIBLIOTECA DEL CONGRESO
Número de clasificación R726.7
Número de documento/Ítem A4.7
245 00 - MENCIÓN DE TÍTULO
Título Alternativas psicológicas de intervención en problemas de salud /
Mención de responsabilidad, etc. Everardo José Camacho Gutiérrez ... [et al.].
260 ## - PUBLICACIÓN, DISTRIBUCIÓN, ETC.
Lugar de publicación, distribución, etc. México :
Nombre del editor, distribuidor, etc. El Manual Moderno,
Fecha de publicación, distribución, etc. 2015.
300 ## - DESCRIPCIÓN FÍSICA
Extensión 287 p. :
Otras características físicas gráfs., cuadros
650 #4 - ASIENTO SECUNDARIO DE MATERIA - TERMINO TEMATICO
Término de materia o nombre geográfico como elemento de entrada Psicología de la salud clínica
9 (RLIN) 15493
700 1# - ASIENTO SECUNDARIO--NOMBRE DE PERSONAL
Nombre de persona Camacho Gutiérrez, Everardo José Fernando,
Término indicativo de función/relación coaut.
9 (RLIN) 41384
905 ## - TIPO DE MATERIAL
Tipo de material Libro
Holdings
Estado de retiro Estado de pérdida Fuente del sistema de clasificación o colocación Estado dañado No para préstamo Código de colección Localización permanente Ubicación/localización actual Ubicación en estantería Total de préstamos Clasificación Código de barras Fecha visto por última vez Número de copia Tipo de ítem Koha
    Library of Congress Classification     Colección General Bib. Gregorio Torres Quintero Bib. Gregorio Torres Quintero Planta baja   R726.7 A4.7 321815 31/12/2020 1 Libro